[Event "GER-chT U16"]
[Site "Walldorf"]
[Date "2017.12.29"]
[Round "6.3"]
[White "Bosch, Jonael"]
[Black "Lutterbach, Jakob"]
[Result "1/2-1/2"]
[WhiteElo "1512"]
[BlackElo "1463"]
[PlyCount "75"]
[EventDate "2017.12.26"]
[EventType "team-swiss"]
[EventRounds "7"]
[EventCountry "GER"]
[SourceTitle "CBM 182 Extra"]
[Source "ChessBase"]
[SourceDate "2018.02.23"]
[SourceVersion "1"]
[SourceVersionDate "2018.02.23"]
[SourceQuality "1"]
[WhiteTeam "Leipzig Turm"]
[BlackTeam "Bingen"]
[WhiteTeamCountry "GER"]
[BlackTeamCountry "GER"]

1. e4 c5 2. Nf3 a6 3. Be2 e6 4. 0-0 Qc7 5. Nc3 Nc6 6. d3 Nf6 7. Bg5 Be7 8. Qd2 0-0 9. Rae1 d6 10. Kh1 b5 11. Nd1 Bb7 12. Ne3 h6 13. Bf4 Nh5 14. Bg3 Nxg3+ 15. fxg3 Rad8 16. c3 d5 17. exd5 exd5 18. d4 cxd4 19. Nxd4 Nxd4 20. cxd4 Bg5 21. Qd3 Rde8 22. Bf3 Qe7 23. Nc2 Qd6 24. h4 Bf6 25. Bd1 Qb6 26. Bf3 Rc8 27. b3 Qc7 28. Bd1 Qa5 29. a3 Rc3 30. Qd2 Qc7 31. Re3 Rxe3 32. Qxe3 Rc8 33. Rf3 Qe7 34. Qxe7 Bxe7 35. Kg1 Bf6 36. Kf2 Re8 37. Re3 Kf8 38. Bg4 1/2-1/2

[Event "Rheinland Pfalz op 7th"]
[Site "Frankenthal"]
[Date "2015.06.07"]
[Round "7"]
[White "Scheffler, Juergen"]
[Black "Lutterbach, Jakob"]
[Result "1/2-1/2"]
[WhiteElo "1529"]
[BlackElo "1272"]
[PlyCount "94"]
[EventDate "2015.06.04"]
[EventType "swiss"]
[EventRounds "7"]
[EventCountry "GER"]
[SourceTitle "EXT 2017"]
[Source "ChessBase"]
[SourceDate "2016.10.25"]
[SourceVersion "1"]
[SourceVersionDate "2016.10.25"]
[SourceQuality "1"]

1. d4 d5 2. c4 e6 3. Nc3 Nf6 4. Nf3 c6 5. h3 Bb4 6. a3 Bxc3+ 7. bxc3 0-0 8. Bg5 Nbd7 9. e3 h6 10. Bh4 Qa5 11. Qb3 Ne4 12. Rc1 Re8 13. Bd3 Nef6 14. 0-0 Qc7 15. c5 Rb8 16. Bb1 b6 17. cxb6 Qxb6 18. Qc2 Qb2 19. Qd3 Qxa3 20. Rfe1 Ba6 21. Qd2 Bc8 22. Bc2 Qe7 23. Ne5 Qd6 24. Bg3 Rb7 25. c4 Qf8 26. c5 Nxe5 27. Bxe5 Kh8 28. Bxf6 gxf6 29. Qe2 Ree7 30. Qf3 Qg7 31. Bd3 Qg5 32. Ba6 Rb8 33. Ra1 Bxa6 34. Rxa6 Rc7 35. g3 f5 36. Kh2 Rbb7 37. Rg1 f6 38. Qg2 Rb8 39. f4 Qg6 40. Qa2 Rbb7 41. Rg2 h5 42. Qa4 Qe8 43. Ra2 Qd7 44. Qd1 Qf7 45. Kg2 Kg8 46. Qe2 Qg6 47. Kh2 Kf8 1/2-1/2